The definitive guide to Catalyst : (Record no. 146)

MARC details
000 -LEADER
fixed length control field 01325cam a22003497a 4500
001 - CONTROL NUMBER
control field 16484694
005 - DATE AND TIME OF LATEST TRANSACTION
control field 20200421093820.0
008 - FIXED-LENGTH DATA ELEMENTS--GENERAL INFORMATION
fixed length control field 100930s2009 caua 001 0 eng d
010 ## - LIBRARY OF CONGRESS CONTROL NUMBER
LC control number 2010501891
020 ## - INTERNATIONAL STANDARD BOOK NUMBER
International Standard Book Number 9781430223658 (pbk.)
020 ## - INTERNATIONAL STANDARD BOOK NUMBER
International Standard Book Number 9781430223665
020 ## - INTERNATIONAL STANDARD BOOK NUMBER
International Standard Book Number 1430223650 (pbk.)
035 ## - SYSTEM CONTROL NUMBER
System control number (OCoLC)ocn436921319
040 ## - CATALOGING SOURCE
Original cataloging agency NjBwBT
Transcribing agency JFN
Modifying agency JFN
-- BWX
-- OCLCQ
-- BTCTA
-- DLC
042 ## - AUTHENTICATION CODE
Authentication code lccopycat
050 00 - LIBRARY OF CONGRESS CALL NUMBER
Classification number QA76.73.P22
Item number D54 2009
082 04 - DEWEY DECIMAL CLASSIFICATION NUMBER
Classification number 005.13/3
Edition information 22
100 1# - MAIN ENTRY--PERSONAL NAME
Personal name Diment, Kieren.
9 (RLIN) 794
245 14 - TITLE STATEMENT
Title The definitive guide to Catalyst :
Remainder of title writing extensible, scalable, and maintainable Perl-based Web applications /
Statement of responsibility, etc. Kieren Diment and Matt S. Trout ; with Eden Cardim, Jay Kuri, and Jess Robinson.
260 ## - PUBLICATION, DISTRIBUTION, ETC.
Place of publication, distribution, etc. Berkeley, Calif. :
Name of publisher, distributor, etc. Apress,
Date of publication, distribution, etc. 2009.
300 ## - PHYSICAL DESCRIPTION
Extent xxvii, 331 p. :
Other physical details ill. ;
Dimensions 24 cm.
490 1# - SERIES STATEMENT
Series statement The expert's voice in Web development
500 ## - GENERAL NOTE
General note Includes index.
520 ## - SUMMARY, ETC.
Summary, etc. Provides information on creating Web applications using Perl.
650 #0 - SUBJECT ADDED ENTRY--TOPICAL TERM
Topical term or geographic name entry element Perl (Computer program language)
9 (RLIN) 19
650 #7 - SUBJECT ADDED ENTRY--TOPICAL TERM
Topical term or geographic name entry element Perl (Computer language)
Source of heading or term sears
9 (RLIN) 1525
700 1# - ADDED ENTRY--PERSONAL NAME
Personal name Trout, Matt S.
9 (RLIN) 795
830 #0 - SERIES ADDED ENTRY--UNIFORM TITLE
Uniform title Expert's voice in Web development.
906 ## - LOCAL DATA ELEMENT F, LDF (RLIN)
a 7
b cbc
c copycat
d 2
e ncip
f 20
g y-gencatlg
942 ## - ADDED ENTRY ELEMENTS (KOHA)
Source of classification or shelving scheme Dewey Decimal Classification
Koha item type Books
Holdings
Withdrawn status Lost status Damaged status Not for loan Collection Home library Current library Shelving location Date acquired Barcode Date last seen Price effective from Koha item type
        Reference Fairview Fairview General stacks 09/04/2014 39999000006094 09/04/2014 09/04/2014 Books
        Reference Fairview Fairview General stacks 09/04/2014 39999000006117 09/04/2014 09/04/2014 Books
        Reference Fairview Fairview General stacks 09/04/2014 39999000006131 09/04/2014 09/04/2014 Books
        Reference Midway Midway General stacks 09/04/2014 39999000006155 09/04/2014 09/04/2014 Books